header

Translating a tradition (Record no. 216980)

MARC details
000 -LEADER
fixed length control field 01856nam a2200445 a 4500
082 04 - DEWEY DECIMAL CLASSIFICATION NUMBER
Classification number 296.0973
100 1# - MAIN ENTRY--AUTHOR NAME
Personal name Robinson, Ira,
245 10 - TITLE STATEMENT
Title Translating a tradition
260 ## - PUBLICATION, DISTRIBUTION, ETC. (IMPRINT)
Place of publication Boston :
Name of publisher Academic Studies Press,
Year of publication 2008.
300 ## - PHYSICAL DESCRIPTION
Number of Pages xi, 327 p.
490 1# - SERIES STATEMENT
Series statement Judaism and Jewish life
650 #0 - SUBJECT ADDED ENTRY--TOPICAL TERM
Topical Term Jews
Topical Term Jews
Topical Term Jews
Topical Term Jews
Topical Term Judaism
Topical Term Judaism
Topical Term Jewish religious education
Topical Term Jewish religious education
856 40 - ELECTRONIC LOCATION AND ACCESS
Uniform Resource Identifier http://site.ebrary.com/lib/rucke/Doc?id=10509036

No items available.

© 2026 Rongo University
Contact us: librarian | system librarian | Rongo university